Ca dao ngụ ngôn người Việt

Uloženo v:
Podrobná bibliografie
Hlavní autor: Triều, Nguyên
Korporativní autor: Hội Văn nghệ dân gian Việt Nam
Médium: Kniha
Jazyk:Vietnamese
Vydáno: Hà Nội Lao động 2011
Témata:
Tagy: Přidat tag
Žádné tagy, Buďte první, kdo otaguje tento záznam!
Thư viện lưu trữ: Trung tâm Học liệu Lê Vũ Hùng, Trường Đại học Đồng Tháp
LEADER 00949pam a22002538a 4500
001 00028199
005 20171026081023.0
008 120306s2011 ||||||viesd
041 0 # |a vie 
082 1 4 |a 398.809 597  |b C100D 
100 1 # |a Triều, Nguyên 
245 1 0 |a Ca dao ngụ ngôn người Việt  |c Triều Nguyên 
260 # # |a Hà Nội  |b Lao động  |c 2011 
300 # # |a 321 tr.  |c 21 cm. 
500 # # |a Dự án công bố, phổ biến tài sản văn hóa, văn nghệ dân gian Việt Nam 
504 # # |a Tài liệu tham khảo tr. 305-309 
541 # # |a Tặng 
650 # 4 |z Việt Nam  |a Ca dao 
650 # 4 |z Việt Nam  |a Văn học dân gian  |x Ca dao 
710 2 # |a Hội Văn nghệ dân gian Việt Nam 
852 # # |b Kho đọc  |j KD.0012568 
852 # # |j KD.0012568 
910 0 # |a Ntuyet  |d 06/03/2012 
980 # # |a Trung tâm Học liệu Lê Vũ Hùng, Trường Đại học Đồng Tháp